000 00528nam a22001817a 4500
003 UA-OsUOA
001 15171
007 ta
008 20031102b un ||||| |||| 00| 0 ukr d
100 _aВойнарович А.
942 _cSA
040 _aUA-OsUOA
_cUA-OsUOA
_dUA-OsUOA
245 _aЗнак роду Лимич [встановлюється у Рівному]
300 _aС.12
955 _a0
773 0 _w0
_tСім днів
_dРівне
_d2003
_g№31/1 серп./
650 7 _aКраєзнавча робота
_2UDC
999 _c301336
_d301336